000 00333 a2200145 4500
001 153181
040 _cEscola São Tomás de Aquino
240 1 0 _aGetúlio Vargas
_lpor
245 1 0 _aGetúlio Vargas
300 _a575
362 0 _a1995
440 1 _aFundação Getúlio Vargas
697 _aLITERATURA BRASILEIRA
942 _cBK
999 _c153181
_d153181